[Event "Muensterland Verbandsklasse-A 0809"]
[Site "Germany"]
[Date "2009.05.02"]
[Round "9.5"]
[White "Dieks, Matthias"]
[Black "Virnyi, Julius"]
[Result "1/2-1/2"]
[WhiteElo "1759"]
[BlackElo "1754"]
[PlyCount "23"]
[EventDate "2008.09.13"]
[EventType "tourn"]
[EventRounds "9"]
[EventCountry "GER"]
[SourceTitle "EXT 2010"]
[Source "ChessBase"]
[SourceDate "2010.11.25"]
[SourceVersion "1"]
[SourceVersionDate "2010.11.25"]
[SourceQuality "1"]
[WhiteTeam "Emsdetten Rochade"]
[BlackTeam "Muenster SK III"]
[WhiteTeamCountry "GER"]
[BlackTeamCountry "GER"]

1. d4 Nf6 2. c4 g6 3. Nc3 Bg7 4. e4 d6 5. f3 0-0 6. Be3 Nbd7 7. Qd2 c6 8. Nge2 a6 9. g4 b5 10. Ng3 bxc4 11. Bxc4 d5 12. Be2 1/2-1/2

[Event "Muensterland Verbandsklasse-A 0809"]
[Site "Germany"]
[Date "2009.01.10"]
[Round "5.5"]
[White "Becker, Daniel"]
[Black "Dieks, Matthias"]
[Result "1-0"]
[WhiteElo "1870"]
[BlackElo "1759"]
[PlyCount "69"]
[EventDate "2008.09.13"]
[EventType "tourn"]
[EventRounds "9"]
[EventCountry "GER"]
[SourceTitle "EXT 2010"]
[Source "ChessBase"]
[SourceDate "2010.11.25"]
[SourceVersion "1"]
[SourceVersionDate "2010.11.25"]
[SourceQuality "1"]
[WhiteTeam "Nienberge"]
[BlackTeam "Emsdetten Rochade"]
[WhiteTeamCountry "GER"]
[BlackTeamCountry "GER"]

1. e4 e5 2. Nc3 Nf6 3. f4 d5 4. fxe5 Nxe4 5. Nf3 Be7 6. d3 Nxc3 7. bxc3 0-0 8. Be2 Nc6 9. d4 Bf5 10. 0-0 Be4 11. Rb1 Rb8 12. Be3 a6 13. Qd2 f6 14. exf6 Bxf6 15. Ng5 Bxg5 16. Bxg5 Qd6 17. Rxf8+ Rxf8 18. Rxb7 h6 19. Bh4 Qg6 20. Bd3 Rf7 21. Bg3 Nd8 22. Rxc7 Rxc7 23. Bxc7 Ne6 24. Bg3 h5 25. Qe3 h4 26. Bxe4 dxe4 27. Bxh4 Qg4 28. Bg3 Ng5 29. Qd2 g6 30. d5 Qf5 31. c4 Qg4 32. d6 e3 33. Qxe3 Ne4 34. Qd3 Nc5 35. Qd5+ 1-0

[Event "Steinfurt Bezirksliga 0607"]
[Site "Germany"]
[Date "2007.03.03"]
[Round "7.6"]
[White "Henschen, Daniel"]
[Black "Dieks, Matthias"]
[Result "1-0"]
[WhiteElo "1709"]
[BlackElo "1803"]
[PlyCount "79"]
[EventDate "2006.09.09"]
[EventType "team-tourn"]
[EventRounds "9"]
[EventCountry "GER"]
[SourceTitle "EXT 2008"]
[Source "ChessBase"]
[SourceDate "2007.11.25"]
[SourceVersion "1"]
[SourceVersionDate "2007.11.25"]
[SourceQuality "1"]
[WhiteTeam "Saerbeck II"]
[BlackTeam "Emsdetten Rochade"]
[WhiteTeamCountry "GER"]
[BlackTeamCountry "GER"]

1. Nf3 Nf6 2. g3 b5 3. Bg2 Bb7 4. a4 b4 5. c3 e6 6. cxb4 Bxb4 7. Na3 0-0 8. Nc2 Be7 9. b4 e5 10. 0-0 d6 11. Ba3 Nbd7 12. d4 e4 13. Nd2 Rb8 14. Ne3 Re8 15. Qc2 d5 16. Nb3 g6 17. Rfc1 c5 18. dxc5 Ne5 19. b5 Nc4 20. Nxc4 dxc4 21. Qxc4 Bd5 22. Qc3 Ng4 23. h3 Bf6 24. Nd4 Nxf2 25. Qe3 Nd3 26. h4 Nxc1 27. Rxc1 Qa5 28. c6 Qxa4 29. Bc5 Rxb5 30. Nxb5 Qxb5 31. c7 Rc8 32. Bxa7 Bc6 33. Qb6 Qxb6+ 34. Bxb6 Bb7 35. Bh3 Be5 36. Bxc8 Bxc8 37. Rd1 Kg7 38. Bd4 Kf6 39. Bxe5+ Kxe5 40. Rd8 1-0

[Event "Muensterland Verbandsklasse-A 0506"]
[Site "Germany"]
[Date "2006.05.06"]
[Round "9.3"]
[White "Wewers, Reinhard"]
[Black "Dieks, Matthias"]
[Result "1/2-1/2"]
[WhiteElo "2104"]
[BlackElo "1803"]
[PlyCount "95"]
[EventDate "2005.09.03"]
[EventType "team-tourn"]
[EventRounds "9"]
[EventCountry "GER"]
[SourceTitle "EXT 2006"]
[Source "ChessBase"]
[SourceDate "2005.11.24"]
[SourceVersion "1"]
[SourceVersionDate "2005.11.24"]
[SourceQuality "1"]
[WhiteTeam "Buldern"]
[BlackTeam "Emsdetten Rochade"]
[WhiteTeamCountry "GER"]
[BlackTeamCountry "GER"]

1. d4 Nf6 2. c4 e6 3. Nc3 d5 4. Nf3 c6 5. e3 Nbd7 6. Qc2 Bd6 7. Bd3 c5 8. 0-0 0-0 9. b3 b6 10. cxd5 exd5 11. Bb2 Re8 12. Bb5 Qc7 13. Rfd1 Bb7 14. Qf5 g6 15. Qh3 Rad8 16. dxc5 bxc5 17. Bxd7 Qxd7 18. Qxd7 Rxd7 19. Nb5 Be7 20. Ne5 Rdd8 21. Nxa7 Rd6 22. Nb5 Rb6 23. a4 Ba6 24. Nc7 Rd8 25. Nxa6 Rxa6 26. Nd3 Ne4 27. f3 Ng5 28. Ba3 Ne6 29. Rac1 Rb8 30. Bxc5 Nxc5 31. Nxc5 Bxc5 32. Rxc5 Rxb3 33. a5 Rxe3 34. Rdxd5 Re2 35. Kf1 Rb2 36. Rb5 Ra2 37. h4 h5 38. Kg1 Ra7 39. Kh2 Ra6 40. Kh3 Ra3 41. Rg5 Ra7 42. Kg3 Ra6 43. Kf2 Ra7 44. g4 hxg4 45. fxg4 Rc7 46. Rgc5 Rd7 47. Ke2 Rd4 48. Rg5 1/2-1/2

[Event "Muensterland Verbandsklasse-A 0506"]
[Site "Germany"]
[Date "2006.04.08"]
[Round "8.2"]
[White "Berger, Alfred Josef"]
[Black "Dieks, Matthias"]
[Result "1/2-1/2"]
[WhiteElo "1882"]
[BlackElo "1803"]
[PlyCount "53"]
[EventDate "2005.09.03"]
[EventType "team-tourn"]
[EventRounds "9"]
[EventCountry "GER"]
[SourceTitle "EXT 2006"]
[Source "ChessBase"]
[SourceDate "2005.11.24"]
[SourceVersion "1"]
[SourceVersionDate "2005.11.24"]
[SourceQuality "1"]
[WhiteTeam "Heiden II"]
[BlackTeam "Emsdetten Rochade"]
[WhiteTeamCountry "GER"]
[BlackTeamCountry "GER"]

1. c4 e5 2. Nc3 Nc6 3. Nf3 f5 4. d4 e4 5. Bg5 Be7 6. Bxe7 Ncxe7 7. Nd2 Nf6 8. e3 0-0 9. Be2 c6 10. 0-0 Kh8 11. b4 d6 12. Nb3 Be6 13. a4 Qe8 14. Rc1 Qg6 15. d5 cxd5 16. Nb5 f4 17. exf4 Bh3 18. g3 dxc4 19. Rxc4 Bxf1 20. Bxf1 d5 21. Rc7 Nc6 22. Rxb7 Nxb4 23. Nd6 Nc6 24. f5 Qg5 25. h4 Qh6 26. Nc5 Nd8 27. Re7 1/2-1/2

[Event "Muensterland Verbandsklasse-A 0506"]
[Site "Germany"]
[Date "2006.03.25"]
[Round "3.3"]
[White "Dieks, Matthias"]
[Black "Liesmann, Karsten"]
[Result "0-1"]
[WhiteElo "1803"]
[BlackElo "1969"]
[PlyCount "62"]
[EventDate "2005.09.03"]
[EventType "team-tourn"]
[EventRounds "9"]
[EventCountry "GER"]
[SourceTitle "EXT 2006"]
[Source "ChessBase"]
[SourceDate "2005.11.24"]
[SourceVersion "1"]
[SourceVersionDate "2005.11.24"]
[SourceQuality "1"]
[WhiteTeam "Emsdetten Rochade"]
[BlackTeam "Bocholt"]
[WhiteTeamCountry "GER"]
[BlackTeamCountry "GER"]

1. d4 Nf6 2. c4 c5 3. d5 b5 4. cxb5 a6 5. b6 d6 6. Nc3 Nbd7 7. a4 a5 8. Nf3 g6 9. e4 Bg7 10. Bb5 0-0 11. 0-0 Nxb6 12. Nd2 Bb7 13. Ra3 Nfd7 14. f4 e6 15. dxe6 fxe6 16. Qg4 Qe7 17. Rb3 Rab8 18. Qe2 Ba8 19. Kh1 Kh8 20. Nd1 Qd8 21. Rh3 Bb7 22. Nc3 Bc8 23. e5 dxe5 24. Nde4 exf4 25. Ng5 Qxg5 26. Ne4 Qe5 27. Bd2 Bb7 28. Bd3 c4 29. Bc2 Bxe4 30. Bxe4 Nf6 31. Rxf4 Nxe4 0-1

[Event "Muensterland Verbandsklasse-A 0405"]
[Site "Muensterland"]
[Date "2004.11.27"]
[Round "4.2"]
[White "Dieks, Matthias"]
[Black "Darwisch, Mohamed"]
[Result "0-1"]
[WhiteElo "1783"]
[BlackElo "1821"]
[PlyCount "77"]
[EventDate "2004.09.11"]
[EventType "team-tourn"]
[EventRounds "9"]
[EventCountry "GER"]
[SourceTitle "EXT 2006"]
[Source "ChessBase"]
[SourceDate "2005.11.24"]
[SourceVersion "1"]
[SourceVersionDate "2005.11.24"]
[SourceQuality "1"]
[WhiteTeam "Emsdetten"]
[BlackTeam "Ahaus Wessum"]
[WhiteTeamCountry "GER"]
[BlackTeamCountry "GER"]

1. d4 Nf6 2. c4 e6 3. Nf3 c5 4. Nc3 cxd4 5. Nxd4 a6 6. e3 Bb4 7. Qc2 0-0 8. Be2 d5 9. 0-0 dxc4 10. Bxc4 b5 11. Be2 Bb7 12. Bd2 Nbd7 13. a3 Bd6 14. e4 Rc8 15. f3 Qc7 16. h3 Nh5 17. f4 Nxf4 18. Be3 Nf6 19. Bf3 N4h5 20. Bxh5 Nxh5 21. Rf3 Ng3 22. Qd3 Be5 23. Bf2 Nh5 24. Qe3 Qc4 25. b3 Qxd4 26. Qxd4 Bxd4 27. Bxd4 f5 28. g4 fxg4 29. Rxf8+ Rxf8 30. hxg4 Nf6 31. Re1 Nxg4 32. Bc5 Rc8 33. b4 Ne5 34. Rf1 h6 35. Bd4 Nc4 36. Bc5 Nxa3 37. Rd1 Nc4 38. Rd7 Bc6 39. Ra7 0-1

[Event "Muensterland Verbandsklasse-B 0304"]
[Site "Germany"]
[Date "2004.03.27"]
[Round "8.2"]
[White "Dieks, Matthias"]
[Black "Klein, Bjoern"]
[Result "1-0"]
[WhiteElo "1728"]
[BlackElo "1878"]
[PlyCount "79"]
[EventDate "2003.09.20"]
[EventType "team-tourn"]
[EventRounds "9"]
[EventCountry "GER"]
[SourceTitle "EXT 2005"]
[Source "ChessBase"]
[SourceDate "2004.11.15"]
[SourceVersion "1"]
[SourceVersionDate "2004.11.15"]
[SourceQuality "1"]
[WhiteTeam "Emsdetten Rochade II"]
[BlackTeam "Steinfurt"]
[WhiteTeamCountry "GER"]
[BlackTeamCountry "GER"]

1. d4 Nf6 2. c4 g6 3. Nc3 Bg7 4. e4 d6 5. Be2 0-0 6. Bg5 h6 7. Be3 Nbd7 8. Qd2 Kh7 9. f3 c6 10. g4 e5 11. d5 Ne8 12. h4 a5 13. 0-0-0 a4 14. Kb1 Nb6 15. Nh3 Bd7 16. Bd3 c5 17. h5 g5 18. Nxg5+ hxg5 19. Bxg5 f6 20. Be3 Rg8 21. Rdg1 Nc7 22. Rg2 Qf8 23. h6 Bh8 24. Rhg1 Be8 25. f4 exf4 26. Bxf4 Bg6 27. g5 fxg5 28. Rxg5 Bxc3 29. bxc3 Nd7 30. Rxg6 Rxg6 31. Rxg6 Kxg6 32. e5+ Kf7 33. exd6 Ne8 34. Qe3 Nc7 35. dxc7 Re8 36. Qh3 Qe7 37. Qf5+ Nf6 38. Qg6+ Kf8 39. Bd6 Qxd6 40. Qg7# 1-0

[Event "Muensterland Verbandsklasse-B 0304"]
[Site "Germany"]
[Date "2004.03.06"]
[Round "7.2"]
[White "Bienhuels, Franz Josef"]
[Black "Dieks, Matthias"]
[Result "0-1"]
[WhiteElo "1932"]
[BlackElo "1728"]
[PlyCount "77"]
[EventDate "2003.09.20"]
[EventType "team-tourn"]
[EventRounds "9"]
[EventCountry "GER"]
[SourceTitle "EXT 2005"]
[Source "ChessBase"]
[SourceDate "2004.11.15"]
[SourceVersion "1"]
[SourceVersionDate "2004.11.15"]
[SourceQuality "1"]
[WhiteTeam "Duelmen"]
[BlackTeam "Emsdetten Rochade II"]
[WhiteTeamCountry "GER"]
[BlackTeamCountry "GER"]

1. Nf3 Nf6 2. d4 d5 3. g3 b5 4. a4 b4 5. Bg2 e6 6. 0-0 Bd6 7. c4 bxc3 8. bxc3 0-0 9. c4 c5 10. Ba3 Nbd7 11. Nc3 Ba6 12. cxd5 exd5 13. Re1 Re8 14. dxc5 Bxc5 15. Nxd5 Nxd5 16. Qxd5 Qe7 17. Bxc5 Nxc5 18. Rac1 Rac8 19. Bh3 Rc7 20. Qa2 Bb7 21. Bg2 h5 22. Qa3 Rec8 23. a5 Qf6 24. Rb1 h4 25. Nxh4 Bxg2 26. Nxg2 Ne4 27. Qe3 Ng5 28. Nf4 Qf5 29. a6 Rc3 30. Qxa7 R8c4 31. Qa8+ Kh7 32. Qg2 Rxf4 33. gxf4 Nh3+ 34. Kh1 Nxf4 35. Qf1 Rh3 36. f3 Qh5 37. Qf2 Rh4 38. Rb4 g5 39. Rb5 0-1

[Event "Muensterland Verbandsklasse-B 0304"]
[Site "Germany"]
[Date "2004.02.14"]
[Round "6.2"]
[White "Dieks, Matthias"]
[Black "Wigger, Frank"]
[Result "1/2-1/2"]
[WhiteElo "1728"]
[BlackElo "1821"]
[PlyCount "81"]
[EventDate "2003.09.20"]
[EventType "team-tourn"]
[EventRounds "9"]
[EventCountry "GER"]
[SourceTitle "EXT 2005"]
[Source "ChessBase"]
[SourceDate "2004.11.15"]
[SourceVersion "1"]
[SourceVersionDate "2004.11.15"]
[SourceQuality "1"]
[WhiteTeam "Emsdetten Rochade II"]
[BlackTeam "Metelen"]
[WhiteTeamCountry "GER"]
[BlackTeamCountry "GER"]

1. d4 d5 2. c4 c6 3. Nc3 e6 4. e4 dxe4 5. Nxe4 Bb4+ 6. Bd2 Bxd2+ 7. Qxd2 Nf6 8. Nxf6+ Qxf6 9. Nf3 0-0 10. Bd3 Nd7 11. 0-0 Rd8 12. Rad1 Kh8 13. Rfe1 c5 14. Re4 cxd4 15. Rxd4 e5 16. Rd5 Re8 17. Bb1 Nb6 18. Rxe5 Bg4 19. Rxe8+ Rxe8 20. c5 Nc8 21. Qd3 g6 22. Qb3 b6 23. cxb6 Nxb6 24. a4 Bxf3 25. gxf3 Kg7 26. a5 Qg5+ 27. Kh1 Qxa5 28. Ba2 Qf5 29. Bb1 Qf4 30. Be4 Rc8 31. Qa3 Qc7 32. Kg2 Nd7 33. b4 Nf6 34. Qb2 Qb6 35. b5 Kg8 36. Qe5 Re8 37. Qd4 Nxe4 38. fxe4 Qxb5 39. Qxa7 Qg5+ 40. Kf1 Qb5+ 41. Kg1 1/2-1/2

[Event "Muensterland Verbandsklasse-B 0304"]
[Site "Germany"]
[Date "2003.12.13"]
[Round "4.2"]
[White "Pollok, Ralf"]
[Black "Dieks, Matthias"]
[Result "1-0"]
[WhiteElo "1933"]
[BlackElo "1728"]
[PlyCount "77"]
[EventDate "2003.09.20"]
[EventType "team-tourn"]
[EventRounds "9"]
[EventCountry "GER"]
[SourceTitle "EXT 2005"]
[Source "ChessBase"]
[SourceDate "2004.11.15"]
[SourceVersion "1"]
[SourceVersionDate "2004.11.15"]
[SourceQuality "1"]
[WhiteTeam "Raesfeld Erle"]
[BlackTeam "Emsdetten Rochade II"]
[WhiteTeamCountry "GER"]
[BlackTeamCountry "GER"]

1. d4 Nf6 2. c4 c5 3. d5 Ne4 4. Qc2 Qa5+ 5. Nd2 Nd6 6. e4 g6 7. b4 Qxb4 8. Bb2 Rg8 9. Rb1 Qa5 10. Bc3 Qc7 11. Bd3 b6 12. Ngf3 Na6 13. a3 Qd8 14. 0-0 Nc7 15. e5 Nb7 16. Rbe1 d6 17. Ne4 Bg7 18. exd6 Nxd6 19. Nf6+ Bxf6 20. Bxf6 Ne6 21. Bh4 g5 22. dxe6 gxh4 23. exf7+ Nxf7 24. Bxh7 Rg7 25. Be4 Bh3 26. Nxh4 e6 27. Ng6 Ng5 28. Bc6+ Kf7 29. Ne5+ Kg8 30. f4 Bf5 31. Qd1 Qf8 32. Bxa8 Nh3+ 33. Kh1 Qxa8 34. Qf3 Qf8 35. gxh3 Rh7 36. Rg1+ Kh8 37. Ng6+ Bxg6 38. Rxg6 Qf5 39. Qa8+ 1-0

[Event "Muensterland Verbandsliga 0203"]
[Site "Muensterland"]
[Date "2003.04.26"]
[Round "9.8"]
[White "Dieks, Matthias"]
[Black "Moldenhauer, Oliver"]
[Result "1-0"]
[WhiteElo "1728"]
[BlackElo "1501"]
[PlyCount "97"]
[EventDate "2002.09.21"]
[EventType "team-tourn"]
[EventRounds "9"]
[EventCountry "GER"]
[SourceTitle "EXT 2004"]
[Source "ChessBase"]
[SourceDate "2003.11.25"]
[SourceVersion "1"]
[SourceVersionDate "2003.11.25"]
[SourceQuality "1"]
[WhiteTeam "Emsdetten Turm II"]
[BlackTeam "Telgte"]
[WhiteTeamCountry "GER"]
[BlackTeamCountry "GER"]

1. d4 Nf6 2. c4 e6 3. Nc3 Bb4 4. Qc2 c5 5. dxc5 Qa5 6. Bd2 0-0 7. e3 Nc6 8. a3 d5 9. cxd6 Bxd6 10. Nb5 Qd8 11. Nxd6 Qxd6 12. Rd1 Qc7 13. Bc3 e5 14. b4 Be6 15. Nf3 Rfd8 16. Rxd8+ Rxd8 17. b5 e4 18. Ng5 Ne5 19. Nxe6 fxe6 20. Bd4 Nd3+ 21. Bxd3 exd3 22. Qxd3 e5 23. Bxe5 Rxd3 24. Bxc7 Rc3 25. 0-0 Rxc4 26. Bb8 Ra4 27. Bd6 Ne4 28. Bb4 a5 29. bxa6 bxa6 30. f3 Nf6 31. Rd1 Kf7 32. Rd8 Ke6 33. e4 g5 34. Kf2 h5 35. Ke3 Nd7 36. g3 Ne5 37. Re8+ Kf6 38. Rf8+ Ke6 39. Kd4 Nc6+ 40. Kc4 Nxb4 41. axb4 Ra2 42. Ra8 Rxh2 43. Rxa6+ Kd7 44. b5 h4 45. gxh4 Rxh4 46. Kd5 Rh5 47. e5 Rh1 48. Ra7+ Kc8 49. e6 1-0

[Event "Muensterland Verbandsklasse-A 0203"]
[Site "Muensterland"]
[Date "2002.12.14"]
[Round "4.3"]
[White "Kasubke, Manfred"]
[Black "Dieks, Matthias"]
[Result "0-1"]
[WhiteElo "1888"]
[BlackElo "1728"]
[PlyCount "102"]
[EventDate "2002.09.28"]
[EventType "team-tourn"]
[EventRounds "9"]
[EventCountry "GER"]
[SourceTitle "EXT 2004"]
[Source "ChessBase"]
[SourceDate "2003.11.25"]
[SourceVersion "1"]
[SourceVersionDate "2003.11.25"]
[SourceQuality "1"]
[WhiteTeam "Nordwalde"]
[BlackTeam "Emsdetten Turm III"]
[WhiteTeamCountry "GER"]
[BlackTeamCountry "GER"]

1. c4 e5 2. Nc3 Nc6 3. g3 f5 4. Bg2 Nf6 5. e3 d6 6. d4 g6 7. Nge2 Bg7 8. dxe5 dxe5 9. Qxd8+ Nxd8 10. b3 0-0 11. Ba3 Re8 12. Nb5 Ne6 13. Bd5 Nxd5 14. cxd5 Bd7 15. Nbc3 Ng5 16. 0-0 f4 17. h4 Nh3+ 18. Kg2 g5 19. e4 a5 20. Na4 gxh4 21. gxh4 Ra6 22. d6 cxd6 23. Rad1 d5 24. Rxd5 Rg6+ 25. Kh2 Bc8 26. Rd6 Rg4 27. Nb6 Rxh4 28. Nxc8 Rxc8 29. Rc1 Rxc1 30. Nxc1 Nxf2+ 31. Kg2 Nxe4 32. Rd8+ Kf7 33. Rd7+ Kg6 34. Nd3 Bf6 35. Rxb7 Kf5 36. Rf7 Rg4+ 37. Kf1 Ng5 38. Rf8 Ne6 39. Ra8 Rg3 40. Nc5 Nxc5 41. Bxc5 Rc3 42. Rxa5 h5 43. Bd6 h4 44. b4 h3 45. Kg1 Rc2 46. Ra8 f3 47. Bc5 e4 48. a4 Be5 49. Rf8+ Ke6 50. Re8+ Kd5 51. Be3 Ra2 0-1

[Event "Muensterland Verbandsklasse-A 0203"]
[Site "Muensterland"]
[Date "2002.09.28"]
[Round "1.4"]
[White "Rothkegel, Juergen"]
[Black "Dieks, Matthias"]
[Result "1-0"]
[WhiteElo "1919"]
[BlackElo "1728"]
[PlyCount "67"]
[EventDate "2002.09.28"]
[EventType "team-tourn"]
[EventRounds "9"]
[EventCountry "GER"]
[SourceTitle "EXT 2004"]
[Source "ChessBase"]
[SourceDate "2003.11.25"]
[SourceVersion "1"]
[SourceVersionDate "2003.11.25"]
[SourceQuality "1"]
[WhiteTeam "Gronau"]
[BlackTeam "Emsdetten Turm III"]
[WhiteTeamCountry "GER"]
[BlackTeamCountry "GER"]

1. e4 e5 2. Nf3 Nc6 3. Bc4 Nf6 4. d4 exd4 5. 0-0 Bc5 6. e5 d5 7. exf6 dxc4 8. Re1+ Be6 9. Ng5 Qd5 10. Nc3 Qf5 11. Nce4 Bb6 12. Nxe6 fxe6 13. fxg7 Rg8 14. Qh5+ Qxh5 15. Nf6+ Kf7 16. Nxh5 Nb4 17. Re2 d3 18. cxd3 cxd3 19. Re4 Nc2 20. Rb1 Rad8 21. Bd2 Rd6 22. Rd1 Nd4 23. Be3 c5 24. Bxd4 Rxd4 25. Rxd4 cxd4 26. Rxd3 Kg6 27. g4 e5 28. Rf3 e4 29. Rf6+ Kg5 30. Rf8 d3 31. Rxg8 d2 32. Rd8 Bxd8 33. g8Q+ Kh4 34. Qxd8+ 1-0